000 00303nam a2200121 a 4500
005 20140414132059.0
008 110805s19uu xx 00 eng d
050 _aTR
_bM61 1997
100 _aMiller, Margaret
245 _aMy five senses.
260 _aUSA :
_bHoughton Mifflin,
_c1997.
999 _c114402
_d114402